| Tag |
First Indicator |
Second Indicator |
Subfields |
| LEADER |
00000cam a2200000 4500 |
| 001 |
in00003438621 |
| 005 |
20151206103203.0 |
| 008 |
760920s1942 enkab 00010 eng |
| 010 |
|
|
|a 42051265
|
| 035 |
|
|
|a (OCoLC)ocm02453193
|
| 040 |
|
|
|a DLC
|c IVD
|d OCL
|d TNY
|d UtOrBLW
|
| 082 |
0 |
|
|a 950
|
| 090 |
|
|
|a DU29
|b .W6
|
| 100 |
1 |
|
|a Woodman, Dorothy.
|
| 245 |
1 |
3 |
|a An ABC of the Pacific /
|c by Dorothy Woodman.
|
| 264 |
|
1 |
|a Harmondsworth, Middlesex, Eng.,
|a New York :
|b Penguin books,
|c [1942]
|
| 300 |
|
|
|a 192 pages :
|b illustrations (maps) diagrams ;
|c 18 cm.
|
| 336 |
|
|
|a text
|b txt
|2 rdacontent
|
| 337 |
|
|
|a unmediated
|b n
|2 rdamedia
|
| 338 |
|
|
|a volume
|b nc
|2 rdacarrier
|
| 500 |
|
|
|a At head of title: A Penguin special.
|
| 651 |
|
0 |
|a Pacific Ocean.
|
| 650 |
|
0 |
|a Eastern question (Far East)
|
| 650 |
|
0 |
|a World War, 1939-1945
|z East Asia.
|
| 999 |
|
|
|a MARS
|
| 999 |
f |
f |
|s bef4bf71-b741-3f7a-954c-7b0788d13826
|i 4f39b2b3-5d2c-3c2d-ac63-886403d47f4d
|t 0
|
| 952 |
f |
f |
|p ric
|a Texas A&M University
|b Rellis Campus
|c Joint Library Facility
|d Remote Storage
|t 0
|e DU29 .W6
|h Library of Congress classification
|i unmediated -- volume
|m 32060002234702
|
| 998 |
f |
f |
|a DU29 .W6
|t 0
|l Remote Storage
|